Kursus induksi umum - Mengenal tujuan kerja anda [ 22 April 1996
| Corporate Author: | |
|---|---|
| Format: | Book |
| Published: |
Bangi :
INSPEN ,
1996
|
| Subjects: |
MARC
| LEADER | 00000cam a2200000 7i4500 | ||
|---|---|---|---|
| 001 | 0000005004 | ||
| 005 | 20101025.0 | ||
| 008 | 101025 | ||
| 040 | |a INS | ||
| 090 | 0 | 0 | |a VCD 1667 |
| 245 | 0 | 0 | |a Kursus induksi umum - Mengenal tujuan kerja anda [ |h cakera video] : |b 22 April 1996 |
| 260 | |a Bangi : |b INSPEN , |c 1996 | ||
| 300 | |a 1 cakera video (51 min.) : |b by., wrn. ; |c 4 3/4 in. | ||
| 500 | |a Juga terdapat dalam format VHS 629 | ||
| 650 | 0 | 0 | |a Employee orientation |
| 710 | 1 | |a INSPEN (Institut Penilaian Negara) | |
| 999 | |a VCD0001667 |b VIDEO CD |c Media Collection |e Default branch | ||